000 00587nam a2200217Ia 4500
001 27559
003 AR-BaAGN
005 20231117104047.0
007 ta
008 211213s1931 ag |||||||||||||| ||spa d
040 _dAR-BaAGN
_aAR-BaAGN
_bspa
_eaacr
100 1 _aCabrera, Pablo,
_cMonseñor,
_d1857-1936
_95588
245 1 0 _aMisceláneas /
_cPablo Cabrera
260 _aCórdoba :
_bTalleres Gráficos de la Penitenciaría,
_c1931.
300 _a193 páginas
336 _2rdacontent
_btxt
337 _2rdamedia
_bn
338 _2rdacarrier
_bnc
942 _cLIBRO
999 _c27559
_d27559